000 00478nam a22001817a 4500
999 _c6163
_d6163
003 GBCCL
005 20241126110557.0
008 180502b ||||| |||| 00| 0 eng d
040 _cgbc
082 _a248.5
_bSTE
100 _aStephens, Alan
_911076
245 _aVenturing with Christ /
_cAlan Stephens
260 _bOliphants,
_aLondon:
_c1964
300 _a93 p.;
_c18 cm.
650 _aWitness bearing (Christianity)
_9428
650 _aChristian life
_9183
942 _2ddc
_cBK